<?xml version="1.0" encoding="UTF-8"?>
<record
    xmlns:xsi="http://www.w3.org/2001/XMLSchema-instance"
    xsi:schemaLocation="http://www.loc.gov/MARC21/slim http://www.loc.gov/standards/marcxml/schema/MARC21slim.xsd"
    xmlns="http://www.loc.gov/MARC21/slim">

  <leader>01448nam a2200301 a 4500</leader>
  <controlfield tag="001">BRCA_4930</controlfield>
  <controlfield tag="005">20190320204850.0</controlfield>
  <controlfield tag="008">211010s1812----mx-######v---#000-0#spa-#</controlfield>
  <datafield tag="041" ind1=" " ind2=" ">
    <subfield code="a">spa</subfield>
  </datafield>
  <datafield tag="044" ind1=" " ind2=" ">
    <subfield code="a">mx</subfield>
  </datafield>
  <datafield tag="084" ind1=" " ind2=" ">
    <subfield code="a">DOC33</subfield>
    <subfield code="b">.L67</subfield>
    <subfield code="c">1812</subfield>
  </datafield>
  <datafield tag="100" ind1="1" ind2=" ">
    <subfield code="a">L&#xF3;pez Ray&#xF3;n, Ram&#xF3;n</subfield>
    <subfield code="d">1775-1839</subfield>
    <subfield code="9">12441</subfield>
  </datafield>
  <datafield tag="245" ind1="1" ind2="0">
    <subfield code="a">Documento firmado por Ram&#xF3;n L&#xF3;pez Ray&#xF3;n</subfield>
    <subfield code="c">Ram&#xF3;n L&#xF3;pez Ray&#xF3;n, Jos&#xE9; Manuel Correa.</subfield>
  </datafield>
  <datafield tag="260" ind1=" " ind2=" ">
    <subfield code="a">Chiapas el Viejo, M&#xE9;xico</subfield>
    <subfield code="c">1812</subfield>
  </datafield>
  <datafield tag="300" ind1=" " ind2=" ">
    <subfield code="a">[2] fojas</subfield>
    <subfield code="c">21 x 15 cm</subfield>
  </datafield>
  <datafield tag="500" ind1=" " ind2=" ">
    <subfield code="a">Documento firmado el 16 de agosto de 1812</subfield>
  </datafield>
  <datafield tag="500" ind1=" " ind2=" ">
    <subfield code="a">Documento aut&#xF3;grafa de Don Ram&#xF3;n L&#xF3;pez Ray&#xF3;n dirigida a Brigader Don Jos&#xE9; Manuel Correa desde Chiapas el Viejo el 16 de agosto de 1812. En ella le pide se reuna con &#xE9;l en su campamento junto con sus hombres y armas, a fin de dar el golpe sobre Tlahuililpan, Tula, Zumpango</subfield>
  </datafield>
  <datafield tag="500" ind1=" " ind2=" ">
    <subfield code="a">El documento tiene la leyenda DOC. #42</subfield>
  </datafield>
  <datafield tag="500" ind1=" " ind2=" ">
    <subfield code="a">Papel con marca de agua</subfield>
  </datafield>
  <datafield tag="500" ind1=" " ind2=" ">
    <subfield code="a">Estado de conservaci&#xF3;n: Contiene acidificaci&#xF3;n, anotaciones con tinta roja, la segunda foja esta incompleta</subfield>
  </datafield>
  <datafield tag="506" ind1="0" ind2=" ">
    <subfield code="a">Fondo reservado: para su consulta es necesario credencial de usuario y carta de motivos</subfield>
  </datafield>
  <datafield tag="546" ind1=" " ind2=" ">
    <subfield code="a">Texto en: espa&#xF1;ol de principios del siglo XIX</subfield>
  </datafield>
  <datafield tag="600" ind1="1" ind2="4">
    <subfield code="a">L&#xF3;pez Ray&#xF3;n, Ram&#xF3;n</subfield>
    <subfield code="d">1775-1839</subfield>
    <subfield code="9">12441</subfield>
  </datafield>
  <datafield tag="651" ind1=" " ind2="4">
    <subfield code="a">M&#xE9;xico</subfield>
    <subfield code="v">Manuscrito</subfield>
    <subfield code="x">Historia</subfield>
    <subfield code="y">Guerra de Independencia, 1810-1821</subfield>
    <subfield code="9">12432</subfield>
  </datafield>
  <datafield tag="700" ind1="1" ind2=" ">
    <subfield code="a">Correa, Jos&#xE9; Manuel</subfield>
    <subfield code="9">12514</subfield>
  </datafield>
  <datafield tag="902" ind1=" " ind2=" ">
    <subfield code="a">FDH</subfield>
  </datafield>
  <datafield tag="942" ind1=" " ind2=" ">
    <subfield code="2">lcc</subfield>
    <subfield code="c">D</subfield>
  </datafield>
  <datafield tag="999" ind1=" " ind2=" ">
    <subfield code="c">4624</subfield>
    <subfield code="d">4624</subfield>
  </datafield>
  <datafield tag="952" ind1=" " ind2=" ">
    <subfield code="0">0</subfield>
    <subfield code="1">0</subfield>
    <subfield code="4">0</subfield>
    <subfield code="7">0</subfield>
    <subfield code="a">BRCA</subfield>
    <subfield code="b">BRCA</subfield>
    <subfield code="d">2010-10-21</subfield>
    <subfield code="l">0</subfield>
    <subfield code="o">DOC33 .L67 1812</subfield>
    <subfield code="p">4991</subfield>
    <subfield code="r">2019-03-22 00:00:00</subfield>
    <subfield code="w">2019-03-22</subfield>
    <subfield code="y">D</subfield>
  </datafield>
</record>
